000 00652nam a2200241 i 4500
001 C2-0100684
003 PPAK
005 20180727095331.0
008 970527s1982 mau |||| ||||| | eng d
020 _a0534010474
040 _aPPAK
_beng
_cPPAK
_erda
082 0 4 _a658.848
_223
090 0 0 _a658.848
_bTER
_dG
100 1 _aTerpstra, Vern,
_eauthor
245 1 0 _aInternational dimensions of marketing
264 1 _aBoston, Massachusetts :
_bKent ,
_c1982
300 _axi, 186 pages ;
_c21 cm
336 _2rdacontent
_atext
337 _2rdamedia
_aunmediated
338 _2rdacarrier
_avolume
650 1 0 _aExport marketing
942 _ddc
_cB
999 _c22868
_d22868